000 00956nam a2200241 4500
001 152089
003 ES-MaACL
005 20230906204529.0
008 950314s1838 gw |||| | lat d
040 _aEUS
_bspa
_cEUS
130 0 _aBiblia.
_lHebreo.
_9119284
245 1 0 _aBiblia hebraica /
_cad optimas editiones inprimis Everardi van der Hooght ; ex recensione Aug. Hahnii expressa ; praefatus est Ern. Fr. Car. Rosenmüller.
250 _aEditio stereotypa denuo recognita.
260 _aLipsiae :
_bSumtibus et typis Caroli Tauchnitii,
_c1838 (
_fImpresserunt Hetzger et Witting)
300 _aVI, 1036 p. ;
_c18 cm.
594 _aTexto bilingüe latín y hebreo, con pag. duplicada.
597 _aTexto latino a dos col.
597 _aAntep.
700 1 1 _aHooght, Everard van der,
_epr.
_9128022
700 0 _aRosenmüller, Ernst Friedrich Karl.
_999748
700 0 _aHahn, Augustus.
_961467
852 _aES-MaACL
_jD-1087
_z-- Enc. pasta
999 _c152089
_d152089